[Event "Philidor CC op 14th"]
[Site "Moron"]
[Date "2017.07.20"]
[Round "2"]
[White "Arellano Becerra, Kleber Alberto"]
[Black "Ostoich, Mariano Ivan"]
[Result "0-1"]
[WhiteElo "1467"]
[BlackElo "2011"]
[PlyCount "90"]
[EventDate "2017.07.18"]
[EventType "swiss"]
[EventRounds "7"]
[EventCountry "ARG"]
[SourceTitle "EXT 2019"]
[Source "ChessBase"]
[SourceDate "2018.10.10"]
[SourceVersion "1"]
[SourceVersionDate "2018.10.10"]
[SourceQuality "1"]

1. d4 d5 2. c4 dxc4 3. e4 Nf6 4. Nc3 e5 5. d5 c6 6. Bxc4 Bb4 7. Bg5 Bxc3+ 8. bxc3 Qa5 9. Qb3 Nxe4 10. Nf3 Qxc3+ 11. Qxc3 Nxc3 12. d6 f6 13. Bd2 Nd5 14. 0-0 Be6 15. Rfe1 Nd7 16. Nd4 Bf7 17. f4 0-0 18. fxe5 Nxe5 19. Bb3 Rad8 20. Nf5 Be6 21. Ne7+ Kf7 22. Bxd5 cxd5 23. Bb4 Nd3 24. Reb1 Nxb4 25. Rxb4 Rd7 26. Rab1 b6 27. Nc6 Rc8 28. Nd4 Rxd6 29. Kf2 Rc4 30. Nb5 Rd7 31. Ke3 Rc2 32. R1b2 Rc4 33. a3 Bf5 34. h3 h5 35. Kf3 Be4+ 36. Kf2 f5 37. g3 Kf6 38. Ke3 Ke5 39. Rd2 Rxb4 40. axb4 a6 41. Nd4 Rc7 42. b5 Rc3+ 43. Kf2 axb5 44. Nxb5 Rf3+ 45. Ke2 Rxg3 0-1

[Event "Moron Philidor CC 13th"]
[Site "Moron"]
[Date "2017.05.20"]
[Round "7.17"]
[White "Arellano Becerra, Kleber Alberto"]
[Black "Coria, Miguel"]
[Result "0-1"]
[WhiteElo "1484"]
[BlackElo "1615"]
[PlyCount "74"]
[EventDate "2017.05.09"]
[EventType "swiss"]
[EventRounds "7"]
[EventCountry "ARG"]
[SourceTitle "EXT 2024"]
[Source "ChessBase"]
[SourceDate "2023.10.10"]
[SourceVersion "1"]
[SourceVersionDate "2023.10.10"]
[SourceQuality "1"]

1. c4 e5 2. Nc3 Nf6 3. d3 Be7 4. g3 Nc6 5. Bg2 b6 6. Nf3 Rb8 7. 0-0 Bb7 8. a3 a6 9. Be3 0-0 10. Re1 Ng4 11. Nd5 Nxe3 12. Nxe3 Re8 13. Nf5 Bf8 14. Nd2 g6 15. Ne3 Bg7 16. Rb1 a5 17. Nd5 Ne7 18. Ne4 Bxd5 19. cxd5 Nxd5 20. Nd6 cxd6 21. Bxd5 h5 22. e3 Rc8 23. Qf3 Qf6 24. Qe4 Rc2 25. Rf1 Qe7 26. Bb3 Rc7 27. Bc4 Kf8 28. f4 f5 29. Qd5 Qe6 30. Qb5 d5 31. Bxd5 Qd6 32. Bc4 exf4 33. exf4 Bd4+ 34. Kh1 Rc5 35. Qb3 Qc6+ 36. Bd5 Rxd5 37. Rbc1 Rc5+ 0-1